| 000 | 01977nam a2200517 c 4500 | ||
|---|---|---|---|
| 001 | 2207 | ||
| 003 | ES-MaCES | ||
| 005 | 20250203132346.0 | ||
| 008 | 940930s1993 sp ||| | spa d | ||
| 035 | _aCES19980022228m | ||
| 040 |
_aES-MaCES _bspa _cES-MaCES |
||
| 041 | 0 |
_aspa _aeng _afre |
|
| 245 | 0 | 0 |
_aDisposiciones sobre el Consejo Económico y Social _c[recopilación de, Ministerio de Asuntos Sociales, Subdirección General de Documentación y Publicaciones, Servicio de Documentación (CEDISS)] |
| 260 |
_a[Madrid] _b[s.n. _c1993?] |
||
| 300 |
_a5 v. _c30 cm |
||
| 505 | 0 | _aContiene: I. Antecedentes parlamentarios en la III y IV Legislatura -- II. Administración del Estado, Comunidades Autónomas -- III. Legislación extranjera -- IV. Organismos internacionales : CEE, ONU -- V. Fundamento jurídico básico | |
| 541 | _cGratuito | ||
| 650 | 4 |
_aConsejos Económicos y Sociales _930859 |
|
| 650 | 4 |
_aEspaña _926964 |
|
| 650 | 4 |
_aAndalucia _930791 |
|
| 650 | 4 |
_aAragón _930778 |
|
| 650 | 4 |
_aAsturias (Comunidad Autónoma) _930783 |
|
| 650 | 4 |
_aIslas Canarias _926798 |
|
| 650 | 4 |
_aCastilla-La Mancha _930885 |
|
| 650 | 4 |
_aCastilla y León _930782 |
|
| 650 | 4 |
_aCataluña _930774 |
|
| 650 | 4 |
_aExtremadura _930798 |
|
| 650 | 4 |
_aGalicia _930804 |
|
| 650 | 4 |
_aMadrid (Comunidad Autónoma) _930777 |
|
| 650 | 4 |
_aLa Rioja (Comunidad Autónoma) _930883 |
|
| 650 | 4 |
_aValencia (Comunidad Autónoma) _930772 |
|
| 650 | 4 |
_aPaís Vasco _930799 |
|
| 650 | 4 |
_aBélgica _926935 |
|
| 650 | 4 |
_aDinamarca _926938 |
|
| 650 | 4 |
_aFrancia _926943 |
|
| 650 | 4 |
_aItalia _926952 |
|
| 650 | 4 |
_aPaíses Bajos _926957 |
|
| 650 | 4 |
_aReino Unido _926967 |
|
| 650 | 4 |
_alegislación _927153 |
|
| 650 | 4 |
_a1945-1992 _931031 |
|
| 653 | 1 | 0 | _aLegislación |
| 710 | 2 |
_aCentro Estatal de Documentación e Información de Servicios Sociales (España) _ecol. _91905 |
|
| 902 | _aDOC Literatura gris | ||
| 942 |
_2CES _cBK _h6.1. |
||
| 999 |
_c2207 _d2207 |
||